Guess the kpop song/mv by one member - Statistics

General Stats
  • This quiz has been taken 309 times
  • The average score is 13 of 24
Answer Stats
Picture Hint Answer % Correct
Seventeen Maestro
81%
Lisa Rockstar
81%
Jennie Mantra
80%
Nayeon Abcd
78%
Ive I am
78%
Newjeans Super shy
75%
Jeon Somi Ice cream
74%
Babymonster Sheesh
70%
Nmixx Dice
69%
Gidle Super lady
69%
Straykids Sclass
66%
Ateez Work
66%
Enhypen Bite me
63%
Aespa Spicy
57%
Jimin Like crazy
47%
Itzy Untouchable
46%
Lesserafim Eve, Psyche & the Bluebeard’s wife
35%
BTS Permission to dance
35%
Nct Dojaejung Perfume
32%
Tomorrow x Together Good boy gone bad
28%
NCT U 90s love
24%
NCT Dream ISTJ
16%
Treasure Hello
14%
NCT 127 Favorite
13%
No matching quizzes found
Score Distribution
Percent of People with Each Score
Percentile by Number Answered
Your Score History
You have not taken this quiz